Zlato: krása i investice
Histótria a vlastnosti zlata. Všeobecný ekvivalent akumulácie a merania hodnoty. Svetové strediská obchodu so zlatom. Kúpna sila a rýdzosť zlata. Medzinárodný trh a súkromní investori.Globálna mena a tovar akceptovaný na celom svete. Zlato a ekonomická kríza. Zlato ako investičný nástroj.
Salvato in:
| Natura: | Capitolo di libro |
|---|---|
| Lingua: | ceco |
| Soggetti: | |
| Tags: |
Nessun Tag, puoi essere il primo ad aggiungerne!!
|
MARC
| LEADER | 00000naa$a2200000$$$4500 | ||
|---|---|---|---|
| 001 | 0098425 | ||
| 005 | 20231129092544.3 | ||
| 041 | 0 | |a cze | |
| 044 | |a CZ | ||
| 245 | 1 | 0 | |a Zlato: krása i investice |
| 520 | |a Histótria a vlastnosti zlata. Všeobecný ekvivalent akumulácie a merania hodnoty. Svetové strediská obchodu so zlatom. Kúpna sila a rýdzosť zlata. Medzinárodný trh a súkromní investori.Globálna mena a tovar akceptovaný na celom svete. Zlato a ekonomická kríza. Zlato ako investičný nástroj. | ||
| 610 | 2 | 0 | |a zlato |
| 610 | 2 | 0 | |a komodity |
| 610 | 2 | 0 | |a trh medzinárodný |
| 610 | 2 | 0 | |a cena zlata |
| 610 | 2 | 0 | |a história |
| 610 | 2 | 0 | |a kovy drahé |
| 610 | 2 | 0 | |a nástroje investičné |
| 610 | 2 | 0 | |a kríza hospodárska |
| 610 | 2 | 0 | |a mena |